El Salvador

Đã lưu trong:
Chi tiết về thư mục
Tác giả chính: Córdova Macías, Ricardo
Định dạng: Texto
Được phát hành: San Salvador: FLACSO. Programa El Salvador
Những chủ đề:
Các nhãn: Thêm thẻ
Không có thẻ, Là người đầu tiên thẻ bản ghi này!

MARC

LEADER 00000 a a2200000 04500
001 27032
003
040 |a CRAI/IIS  |c CRAI/IIS 
090 |a 183311  
100 |a Córdova Macías, Ricardo  
245 |a El Salvador  
260 |a San Salvador:   |b FLACSO. Programa El Salvador  
300 |a 244 p.; vol. 3   |b **no definido**   |b fonodiscos   |b **no definido**  
650 |a GOBIERNO LOCAL  
650 |a PARTICIPACION POLITICA  
650 |a CABILDEO  
650 |a PARTICIPACION POLITICA  
650 |a PODER DE LA COMUNIDAD  
650 |a GOBIERNO LOCAL  
999 |c 10848  |d 10848